Statistiques concernant Paroles - Sneazzy - Ouais mec

Cliquez ici pour prendre le quiz!

Statistiques générales

  • Ce quiz a été pris 30 fois
    (21 depuis la dernière actualisation)
  • Le résultat moyen est 420 sur 774

Statistiques - réponses

Paroles% Correct
à
100%
a
100%
me
100%
mec,
100%
mec
100%
100%
ouais
100%
Ouais,
100%
Ouais
100%
je
91%
Je
91%
"je
91%
le
91%
Le
91%
mon
91%
dans
82%
Dans
82%
ma
82%
Y
82%
y
82%
Pour
73%
squad
73%
squad,
73%
ta
73%
tout
73%
vide
73%
VIP,
73%
VIP
73%
ça
64%
Ce
64%
Comme
64%
comme
64%
de
64%
il
64%
64%
La
64%
la
64%
Les
64%
les
64%
pas
64%
Pas
64%
pourtant
64%
regarde
64%
te
64%
Un
64%
un,
64%
un
64%
yeah
64%
yeah,
64%
Yeah
64%
amen,
55%
amen
55%
béni
55%
des
55%
Dès
55%
Dieu
55%
du
55%
est
55%
et
55%
Et
55%
ne
55%
Ne
55%
que
55%
se
55%
t'es
55%
Tu
55%
tu
55%
une
55%
al'
45%
au
45%
aux
45%
Ces
45%
C'est
45%
c'est
45%
dis
45%
Elle
45%
elle
45%
elle,
45%
en
45%
équipe
45%
go
45%
homme
45%
j'ai
45%
j'regarde
45%
mal,
45%
mannequin,
45%
on
45%
On
45%
par
45%
passé
45%
passe
45%
public
45%
son
45%
suis
45%
ton
45%
aime
36%
avec
36%
Babylone
36%
bambino
36%
Fennek
36%
fiable
36%
fuyard
36%
J'suis
36%
j'suis
36%
mafia
36%
Malcolm
36%
Marshall
36%
moi
36%
moins
36%
prénom
36%
privé
36%
quand
36%
qui
36%
sur
36%
temps
36%
va
36%
vous
36%
ambiances
27%
arrive,
27%
arrives
27%
Benzo
27%
binôme
27%
BN
27%
car
27%
cette
27%
ceux
27%
commences
27%
connais
27%
couleur
27%
DD
27%
demandes
27%
depuis
27%
d'hab'
27%
femmes
27%
futur
27%
groupie"
27%
groupie
27%
Hatem
27%
home
27%
innocent
27%
jamais
27%
J'fais
27%
j'vais
27%
l'époque
27%
Maintenant
27%
mais
27%
m'appelle
27%
MD'
27%
membres
27%
Michael
27%
mignonnes
27%
mobile
27%
n'a
27%
ne-jeu
27%
n'étais
27%
nombreux
27%
nymphos
27%
père
27%
peu
27%
peuvent
27%
Poste
27%
rapprocher
27%
regroupé
27%
resté
27%
roupie
27%
roupilles
27%
sans
27%
serai
27%
si
27%
Si
27%
sûrement
27%
t'auras
27%
tien
27%
transformer
27%
très
27%
t'y
27%
vénère
27%
veux
27%
via
27%
vivait
27%
wash
27%
Actrice
18%
américaine
18%
annuel
18%
approche
18%
Audemars
18%
baiser
18%
Bercy
18%
bitch
18%
bled
18%
Catherine
18%
chèques
18%
chèvres
18%
cinq
18%
clique
18%
confine
18%
convives
18%
Corse
18%
déboite,
18%
déjà
18%
delà
18%
Deneuve
18%
Denzel
18%
diamants
18%
DMs
18%
donne
18%
double
18%
drink
18%
ex
18%
fait
18%
famille
18%
feat
18%
film
18%
flingue
18%
fuit
18%
gov'
18%
J'envoie
18%
J'me
18%
jouera
18%
jour
18%
J'plais
18%
Jusqu'à
18%
kho,
18%
Lacoste
18%
l'bolide
18%
l'infini
18%
l'or
18%
lui
18%
mariage
18%
Mélange
18%
m'envoie
18%
mère
18%
mérite
18%
Minot
18%
Nekfeu
18%
neuf
18%
New York
18%
nocives
18%
plein
18%
Porsche
18%
prépare
18%
prix
18%
purple
18%
Quoi
18%
qu'on
18%
qu'ont
18%
qu'un
18%
raclis
18%
réplique
18%
rôde
18%
rôle
18%
roses
18%
sacoche
18%
salaire
18%
sale
18%
sens
18%
sont
18%
states
18%
studio,
18%
super
18%
T'as
18%
vaut
18%
vers
18%
v'là
18%
Zeniths
18%
Appelez
9%
bateau
9%
belle
9%
bonne
9%
b'soin
9%
c'gars
9%
conduit,
9%
confit
9%
confort
9%
craches
9%
dos
9%
fais
9%
faut
9%
foudroyer
9%
friendzone
9%
j'arrive
9%
J'arrive
9%
j'connais
9%
j'pense
9%
j'repars
9%
J'sors
9%
L'album
9%
l'écouter
9%
l'établissement
9%
l'marabout,
9%
médecine
9%
mode
9%
poulets,
9%
qu'vous
9%
rien
9%
Rolex
9%
roule,
9%
Sacrifiez
9%
soigné
9%
sortez
9%
soyez
9%
s'passe
9%
t'achètes
9%
talismans
9%
t'donne
9%
toujours
9%
trouver
9%
Uberpop
9%
Union
9%
vacances
9%
vaches,
9%
vive,
9%
voulu
9%
Western
9%
carré
0%
l'fou
0%
m'aperçois
0%
rebeu
0%

Distribution des résultats

Percentile par nombre de réponses

% des personnes avec chaque résultat

Votre développement - résultats

Vous n’avez pas pris ce quiz depuis la dernière actualisation